000 00825nam a22002057a 4500
999 _c8480
_d8480
003 AR-CdUCM
008 190325b ||||| |||| 00| 0 spa d
040 _aMUNICIPALIDAD PROVINCIAL DEL CUSCO
_cBIBLIOTECA MUNICIPAL DEL CUSCO
082 _a536.7 /
_bS32
100 _aWeston Sears, Francis
_923778
245 _aIntroducción a la termodinámica, teoría cinética de los gases y mecánica estadística /
260 _aBarcelona :
_bReverte,
_c1959.
300 _a378 págInas ;
_c22 cm.
505 _aContenido : Sistemas termodinámicos -- Ecuaciones de estado -- Trabajo -- Primer principio de la termodinámica -- Algunas consecuencias del primer principio -- Cambios de fase ...
650 _aTermodinamica
_919143
650 _aEcuaciones
_919076
650 _aTeoría
_95077
942 _2ddc
_cLIBROS
945 _arah